000 03614nkc a22003737a 4500
001 85863
005 20260430112550.0
007 kh boc
008 260430s1915 sp ||||| |||| |0| i|spa d
040 _aM-RABA
_bspa
_cM-RABA
100 1 _aRoig Villalonga, Juana (
_d1877-1941)
_942535
245 1 1 _a[Catedral de Pamplona
_b: cofres y puerta del claustro]
_c/ J. Roig
_h[Material gráfico]
260 _a: Madrid
_b: J. Roig
_c[ca. 1915]
300 _a7 fotografías
_b: aristotipo
_c, imagen 23 x 16 cm (medidas máximas)
_c, imagen 9,5 x 14,5 cm (medidas mínimas)
_c, soporte secundario 10,5 x 16,5 cm (medidas mínimas)
500 0 0 _aConjunto de 7 fotografías que representan la portada de la Catedral de Pamplona y diferentes cofres de estilo persa-árabe conservados en ella.
500 0 0 _aFot-829, Fot-830 y Fot-831 presentan un papel de acabado brillante y un soporte secundario de cartón, montadas al estilo carte de visite. El resto de fotografías, en papel de acabado mate y de mayores dimensiones, no presentan soporte secundario.
500 0 0 _aAnotaciones manuscritas a lápiz al verso de las imágenes: Fot-829: "Cofre estilo persa-árabe del siglo XI perteneciente a la Catedral de Pamplona". Fot-830: "Cofre estilo persa-árabe del siglo XI perteneciente a la Catedral de Pamplona". Fot-831: "Cofre estilo persa-árabe del siglo XI perteneciente a la Catedral de Pamplona". Fot-832: "2 cofres persa-árabe del siglo XI de la Catedral de Pamplona". Fot-833: "Estudiar, puede ser de San Lomme de Tournay" Fot-834: "Pamplona Catedral". Fot-835: no presenta anotaciones.
500 0 0 _aLa Fot-832, Fot-833; Fot-834 y Fot-835 presentan un sello a tinta al verso de la fotógrafa: J. Roig, encargada del estudio de J. Laurente entre los años 1915 y 1930. Fecha de las fotografías tomada de la época en activo de J. Roig.
500 0 0 _aFot-833: original conservado en IPCE del fotógrafo J. Laurent. Nº inventario: VN-01137 Fot-834: original conservado en IPCE del fotógrafo J. Laurent. Nº inventario: VN-01136. Fot-835: original conservado en IPCE del fotógrafo J. Laurent. Nº inventario: VN-01139.
610 2 7 _aCatedral de Pamplona (
_cEspaña)
_971389
651 7 _aPamplona (España)
_975331
655 0 _aFotografías de monumentos
_9111580
655 7 _aFotografías de obras de arte
_975675
700 1 _aLaurent, J. (
_d1816-1886)
_955737
852 _jFot-829; Fot-830; Fot-831; Fot-832; Fot-833; Fot-834; Fot-835
856 _uhttps://archivoybiblioteca.realacademiabellasartessanfernando.com/cgi-bin/koha/opac-retrieve-file.pl?id=bc92291f4fb5cb22cb26d111b084817f
_yFot-829
856 _uhttps://archivoybiblioteca.realacademiabellasartessanfernando.com/cgi-bin/koha/opac-retrieve-file.pl?id=b1f0a028fc130e8e21f9fc9215ca39d5
_yFot-830
856 _uhttps://archivoybiblioteca.realacademiabellasartessanfernando.com/cgi-bin/koha/opac-retrieve-file.pl?id=21cc8cbd2d393aa2f45c3596092535b9
_yFot-831
856 _uhttps://archivoybiblioteca.realacademiabellasartessanfernando.com/cgi-bin/koha/opac-retrieve-file.pl?id=43e0f76fec8726e6ee5ecfa35f51c512
_yFot-832
856 _uhttps://archivoybiblioteca.realacademiabellasartessanfernando.com/cgi-bin/koha/opac-retrieve-file.pl?id=85a05a8be873f1af00c7b076a034ba9a
_yFot-833
856 _uhttps://archivoybiblioteca.realacademiabellasartessanfernando.com/cgi-bin/koha/opac-retrieve-file.pl?id=effcee2227130592e9f524786ced5641
_yFot-834
856 _uhttps://archivoybiblioteca.realacademiabellasartessanfernando.com/cgi-bin/koha/opac-retrieve-file.pl?id=9840665245f742f0d0dfd04aebdee219
_yFot-835
942 _cFOTOGRAFÍA
_n0
999 _c85863
_d85863